000 00271nam a22001217a 4500
008 170927b xxu||||| |||| 00| 0 eng d
041 _aeng
080 _a37
100 _a47
101 _aED
245 _aHANDBOOK QULITATIVE RESEARCH
_cDENZIN,N.K
942 _2udc
_cBK
999 _c30278
_d30278